000 00525nam a2200181Ia 4500
008 151202s9999||||xx |||||||||||||| ||und||
082 _bPNVM-63941
100 _aभावे अर्पणा.
245 _aपाथेय.
260 _bनिशिगंाा प्रकाशन पुणे.
260 _c63884
300 _a272
600 _aभावे अर्पणा.
630 _aपाथेय.
700 _aभावे अर्पणा.
730 _aपाथेय.
942 _cBOOK
999 _c1330475
_d1330472